| 000 | 00484nam a2200181Ia 4500 | ||
|---|---|---|---|
| 008 | 230524s9999 xx 000 0 und d | ||
| 020 | _a9788186866303 | ||
| 082 |
_a621.3121 _bELA |
||
| 100 |
_aC. Elanchezhian _942938 |
||
| 245 | 0 | _aPower Plant Engineering | |
| 250 | _a1 | ||
| 260 |
_aNew Delhi _bI.K.International _c2014 |
||
| 300 | _a"XV,1.2p;" | ||
| 500 | _aQuantity Number: 1 | ||
| 650 | _aElectrical | ||
| 700 |
_aL. Saravanakumar & B.Vijaya Ramnath _942939 |
||
| 942 | _cBK | ||
| 999 |
_c57900 _d57900 |
||